[Event "TUR-chT 2nd League"]
[Site "Denizli"]
[Date "2023.07.15"]
[Round "9.164"]
[White "Urun, Sina Mete"]
[Black "Alaoglu, Niyazi Bekirhan"]
[Result "1-0"]
[WhiteElo "1500"]
[BlackElo "1704"]
[PlyCount "45"]
[EventDate "2023.07.09"]
[EventType "team-swiss"]
[EventRounds "9"]
[EventCountry "TUR"]
[SourceTitle "CBM 215 Extra"]
[Source "ChessBase"]
[SourceDate "2023.09.30"]
[SourceVersion "1"]
[SourceVersionDate "2023.09.30"]
[SourceQuality "1"]
[WhiteTeam "Marmara Universitesi"]
[BlackTeam "Ordu Gul Bahcesi"]
[WhiteTeamCountry "TUR"]
[BlackTeamCountry "TUR"]

1. e4 g6 2. d4 Bg7 3. Nc3 c5 4. Nge2 cxd4 5. Nxd4 Nc6 6. Be3 d6 7. Qd2 Nf6 8. f3 a6 9. Be2 0-0 10. 0-0-0 Bd7 11. g4 Rc8 12. h4 b5 13. Kb1 Ne5 14. Bh6 Qc7 15. h5 Nc4 16. Bxc4 Qxc4 17. Bxg7 Kxg7 18. hxg6 fxg6 19. Qh6+ Kf7 20. g5 b4 21. gxf6 bxc3 22. Qg7+ Ke8 23. Qxe7# 1-0

[Event "TUR-chT 2nd League"]
[Site "Konya"]
[Date "2019.07.25"]
[Round "6.1"]
[White "Ucucu, Salih"]
[Black "Alaoglu, Niyazi Bekirhan"]
[Result "1-0"]
[WhiteElo "1819"]
[BlackElo "1769"]
[PlyCount "97"]
[EventDate "2019.07.22"]
[EventType "team-swiss"]
[EventRounds "9"]
[EventCountry "TUR"]
[SourceTitle "CBM 191 Extra"]
[Source "ChessBase"]
[SourceDate "2019.09.30"]
[SourceVersion "1"]
[SourceVersionDate "2019.09.30"]
[SourceQuality "1"]
[WhiteTeam "Beyazkale Satranc Evi"]
[BlackTeam "Koroglu Dernegi"]
[WhiteTeamCountry "TUR"]
[BlackTeamCountry "TUR"]

1. e4 c6 2. d4 d5 3. e5 c5 4. dxc5 Nc6 5. Nf3 e6 6. Bd3 Bxc5 7. 0-0 Qc7 8. Bf4 Nge7 9. Nc3 a6 10. Bg3 Nb4 11. Rc1 Ng6 12. a3 Nc6 13. Re1 b5 14. h4 Nge7 15. Qd2 h6 16. Ne2 Bb7 17. b4 Ba7 18. c3 Nc8 19. Nf4 g6 20. Nd4 N8e7 21. Qe2 Bxd4 22. cxd4 Qb6 23. Red1 Kd7 24. Bb1 Rac8 25. Qb2 a5 26. Nd3 axb4 27. Nc5+ Kc7 28. axb4 Ra8 29. Bd3 Nf5 30. Bf1 Kd8 31. Nxb7+ Qxb7 32. Rc5 Ra6 33. Bxb5 Rb6 34. Bxc6 Rxc6 35. b5 Rxc5 36. dxc5 Nxg3 37. fxg3 Kc7 38. Rf1 Kb8 39. c6 Qb6+ 40. Kh2 Rc8 41. Qe2 Rc7 42. Ra1 Ra7 43. Rxa7 Qxa7 44. Qf1 Qc7 45. Qf2 g5 46. h5 g4 47. Qc5 f6 48. b6 Qc8 49. Qd6+ 1-0

[Event "TUR-chT 2nd League"]
[Site "Konya"]
[Date "2017.07.22"]
[Round "8.13"]
[White "Sevinc, Mesut"]
[Black "Alaoglu, Niyazi Bekirhan"]
[Result "0-1"]
[WhiteElo "1776"]
[BlackElo "1704"]
[PlyCount "102"]
[EventDate "2017.07.17"]
[EventType "team-swiss"]
[EventRounds "9"]
[EventCountry "TUR"]
[SourceTitle "CBM 179 Extra"]
[Source "ChessBase"]
[SourceDate "2017.08.23"]
[SourceVersion "1"]
[SourceVersionDate "2017.08.23"]
[SourceQuality "1"]
[WhiteTeam "Ayidin Nazilli Belediyesi"]
[BlackTeam "Bolu Koroglu"]
[WhiteTeamCountry "TUR"]
[BlackTeamCountry "TUR"]

1. e4 c6 2. d4 d5 3. Nc3 dxe4 4. Nxe4 Nd7 5. Nf3 Ngf6 6. Nxf6+ Nxf6 7. Bd3 Bg4 8. c3 e6 9. h3 Bh5 10. Bg5 Be7 11. g4 Bg6 12. Qe2 Nd5 13. Bxe7 Qxe7 14. Ne5 Nf4 15. Qf3 Nxd3+ 16. Nxd3 Bxd3 17. Qxd3 Qd6 18. Qe3 Qd5 19. f3 0-0 20. 0-0 Rad8 21. b3 b5 22. Rae1 b4 23. cxb4 Qxd4 24. Qxd4 Rxd4 25. Rc1 Rxb4 26. Rxc6 Rb7 27. Rfc1 g6 28. Kf2 Rd8 29. Rc8 Rbd7 30. Rxd8+ Rxd8 31. Ke2 Rd7 32. b4 Kg7 33. h4 Kf6 34. Ke3 Rb7 35. a3 a5 36. Rc4 axb4 37. Rxb4 Ra7 38. a4 Ke5 39. Kd3 Kd5 40. Kc3 Rc7+ 41. Kb2 f5 42. Rb5+ Kc4 43. Ka3 Rd7 44. Rb3 e5 45. Rb4+ Kd3 46. Rb3+ Kd4 47. a5 fxg4 48. Ka4 g3 49. a6 g2 50. Rb4+ Ke3 51. Rg4 Rd4+ 0-1

[Event "Manavgat Turkey Cup"]
[Site "Manavgat"]
[Date "2016.02.01"]
[Round "4"]
[White "Alaoglu, Niyazi Bekirhan"]
[Black "Ensarioglu, Mehmet Nuri"]
[Result "1-0"]
[WhiteElo "1604"]
[BlackElo "1509"]
[PlyCount "68"]
[EventDate "2016.01.30"]
[EventType "swiss"]
[EventRounds "11"]
[EventCountry "TUR"]
[SourceTitle "CBM 170 Extra"]
[Source "ChessBase"]
[SourceDate "2016.02.25"]
[SourceVersion "1"]
[SourceVersionDate "2016.02.25"]
[SourceQuality "1"]

1. e4 e5 2. Nf3 d6 3. d4 exd4 4. Nxd4 Be7 5. Nc3 Nf6 6. Bf4 0-0 7. Qd2 a6 8. 0-0-0 Nc6 9. f3 Nh5 10. Be3 Nxd4 11. Qxd4 Bf6 12. Qd2 Bxc3 13. Qxc3 Nf6 14. g4 Be6 15. h4 Nd7 16. Kb1 f6 17. Be2 a5 18. f4 b5 19. g5 b4 20. Qd4 Qe7 21. Rhg1 f5 22. exf5 Bxf5 23. Bc4+ Kh8 24. h5 Rfe8 25. h6 c5 26. hxg7+ Qxg7 27. Qxg7+ Kxg7 28. Bc1 Nb6 29. Bb5 Red8 30. Rg2 d5 31. Re2 Rf8 32. Rde1 c4 33. b3 c3 34. Be8 d4 1-0

[Event "Manavgat Turkey Cup"]
[Site "Manavgat"]
[Date "2016.01.31"]
[Round "3"]
[White "Ceylan, Imamettin"]
[Black "Alaoglu, Niyazi Bekirhan"]
[Result "1-0"]
[WhiteElo "1956"]
[BlackElo "1604"]
[PlyCount "91"]
[EventDate "2016.01.30"]
[EventType "swiss"]
[EventRounds "11"]
[EventCountry "TUR"]
[SourceTitle "CBM 170 Extra"]
[Source "ChessBase"]
[SourceDate "2016.02.25"]
[SourceVersion "1"]
[SourceVersionDate "2016.02.25"]
[SourceQuality "1"]

1. e4 c5 2. Nf3 e6 3. d4 cxd4 4. Nxd4 Nc6 5. Nc3 Qc7 6. Ndb5 Qb8 7. g3 a6 8. Nd4 Nf6 9. Bg2 Be7 10. 0-0 0-0 11. Re1 Qc7 12. a3 d6 13. Be3 Ne5 14. h3 Nc4 15. Bc1 Rb8 16. a4 b6 17. e5 Nxe5 18. f4 Qc5 19. Be3 Nc4 20. Bf2 Nxb2 21. Qd2 Nc4 22. Qe2 Qb4 23. Nc6 Qxc3 24. Bd4 Qxg3 25. Nxe7+ Kh8 26. Qxc4 Bb7 27. Re2 Rfe8 28. Qc7 Nh5 29. Nf5 exf5 30. Qxb7 Nxf4 31. Rxe8+ Rxe8 32. Kf1 Nxh3 33. Qf3 Qxf3+ 34. Bxf3 Ng5 35. Be2 Ne6 36. Bxb6 g5 37. Bxa6 g4 38. a5 f4 39. Bb7 h5 40. a6 h4 41. a7 f3 42. a8Q Rxa8 43. Rxa8+ Kh7 44. Bd8 h3 45. Kf2 Nc5 46. Bf6 1-0

[Event "Troya op 23rd"]
[Site "Canakkale"]
[Date "2015.08.11"]
[Round "5"]
[White "Sahin, Handenur"]
[Black "Alaoglu, Niyazi Bekirhan"]
[Result "1-0"]
[WhiteElo "1835"]
[BlackElo "1670"]
[PlyCount "81"]
[EventDate "2015.08.08"]
[EventType "swiss"]
[EventRounds "9"]
[EventCountry "TUR"]
[SourceTitle "CBM 167 Extra"]
[Source "ChessBase"]
[SourceDate "2015.09.14"]
[SourceVersion "1"]
[SourceVersionDate "2015.09.14"]
[SourceQuality "1"]

1. d4 Nf6 2. Nf3 c5 3. c3 b6 4. Bg5 g6 5. Nbd2 Bb7 6. Bxf6 exf6 7. e4 Bg7 8. Bc4 d6 9. 0-0 0-0 10. Re1 Nc6 11. dxc5 dxc5 12. Qc2 Qc7 13. Nf1 Ne5 14. Nxe5 Qxe5 15. Rad1 Rad8 16. Bd5 Qc7 17. Ne3 Bh6 18. Bxb7 Qxb7 19. Nd5 Bg7 20. Qb3 Rfe8 21. c4 Qc8 22. Qg3 Re6 23. Qf4 Kf8 24. Qh4 h5 25. Qg3 Red6 26. h3 Qb8 27. Re2 b5 28. b3 b4 29. Qe3 Qc8 30. Qg3 Qb8 31. Rde1 a5 32. f4 Re6 33. Qf2 Qd6 34. Rf1 Rd7 35. Kh1 Ke8 36. f5 Re5 37. fxg6 fxg6 38. Nxf6+ Bxf6 39. Qxf6 Qxf6 40. Rxf6 Rg7 41. Ra6 1-0

[Event "Troya op 23rd"]
[Site "Canakkale"]
[Date "2015.08.09"]
[Round "2"]
[White "Alaoglu, Niyazi Bekirhan"]
[Black "Aydin, Kaan Ayhan"]
[Result "1-0"]
[WhiteElo "1670"]
[BlackElo "1857"]
[PlyCount "54"]
[EventDate "2015.08.08"]
[EventType "swiss"]
[EventRounds "9"]
[EventCountry "TUR"]
[SourceTitle "CBM 167 Extra"]
[Source "ChessBase"]
[SourceDate "2015.09.14"]
[SourceVersion "1"]
[SourceVersionDate "2015.09.14"]
[SourceQuality "1"]

1. d4 e6 2. Nf3 Nf6 3. Bf4 c5 4. c3 Nc6 5. e3 Be7 6. h3 0-0 7. Nbd2 d5 8. Be2 b6 9. Ne5 Nxe5 10. dxe5 Nd7 11. Bd3 Qe8 12. Qg4 f5 13. Qg3 Bb7 14. Nf3 c4 15. Bc2 b5 16. Nd4 Nc5 17. h4 a5 18. Qh3 b4 19. g4 bxc3 20. bxc3 Ne4 21. gxf5 Nxc3 22. Nxe6 Qh5 23. f3 d4 24. Nxd4 Nb5 25. Bg3 Bb4+ 26. Kf2 h6 27. Rag1 Kh8 1-0

[Event "Troya op 23rd"]
[Site "Canakkale"]
[Date "2015.08.09"]
[Round "3"]
[White "Strebkovs, Andrejs"]
[Black "Alaoglu, Niyazi Bekirhan"]
[Result "1-0"]
[WhiteElo "2358"]
[BlackElo "1670"]
[PlyCount "56"]
[EventDate "2015.08.08"]
[EventType "swiss"]
[EventRounds "9"]
[EventCountry "TUR"]
[SourceTitle "CBM 167 Extra"]
[Source "ChessBase"]
[SourceDate "2015.09.14"]
[SourceVersion "1"]
[SourceVersionDate "2015.09.14"]
[SourceQuality "1"]

1. g3 Nf6 2. Bg2 g6 3. d3 Bg7 4. e4 e5 5. c4 d6 6. Nc3 Nc6 7. Nge2 Nh5 8. 0-0 0-0 9. Be3 Be6 10. f4 f5 11. exf5 Bxf5 12. Qd2 Rb8 13. d4 Nf6 14. fxe5 dxe5 15. d5 Na5 16. b3 b6 17. h3 h5 18. Rac1 Qd7 19. Kh2 a6 20. c5 Kh7 21. cxb6 cxb6 22. Na4 Qd6 23. Nxb6 Rxb6 24. Qxa5 Rb5 25. Qe1 Rc8 26. Nc3 Rb7 27. Na4 Rc2 28. Rf2 Rbc7 1-0

[Event "Kesan op 11th"]
[Site "Edirne"]
[Date "2013.08.29"]
[Round "5"]
[White "Alaoglu, Niyazi Bekirhan"]
[Black "Choladze, Mariam"]
[Result "1/2-1/2"]
[WhiteElo "1670"]
[BlackElo "1936"]
[PlyCount "37"]
[EventDate "2013.08.26"]
[EventType "swiss"]
[EventRounds "9"]
[EventCountry "TUR"]
[SourceTitle "CBM 156 Extra"]
[Source "ChessBase"]
[SourceDate "2013.10.22"]
[SourceVersion "1"]
[SourceVersionDate "2013.10.22"]
[SourceQuality "1"]

1. e4 c5 2. Nc3 Nc6 3. f4 g6 4. Nf3 Bg7 5. Bb5 Nd4 6. Bd3 d6 7. Nxd4 cxd4 8. Ne2 Nf6 9. Nxd4 Nxe4 10. Bxe4 Bxd4 11. c3 Bg7 12. d4 0-0 13. Qf3 Rb8 14. 0-0 b5 15. Be3 b4 16. c4 b3 17. a3 Qc7 18. Rac1 Bb7 19. Rf2 1/2-1/2